000 00672nam a2200265Ia 4500
005 20260302115259.0
008 008 260114s9999 xx 000 0 eng d
020 _a9781350389854
037 _aTextbook
040 _aCRL
040 _beng
040 _cCRL
041 _2eng
041 _aeng
084 _qCRL
100 _aMichael Faherty
_91121202
245 4 _aThe Poetry of W.B. Yeats
260 _bBloomsbury
260 _bBloomsbury Academic
260 _c2004
650 _aLiterary Studies
856 _uhttps://doi.org/10.1007/978-1-137-05903-1?locatt=label:secondary_bloomsburyCollections
942 _cEBOOK
999 _c1685621
_d1685621